Wisdom from a feathered friend / (Record no. 9904)

MARC details
000 -LEADER
fixed length control field 00898nam a22002657a 4500
001 - CONTROL NUMBER
control field 9904
003 - CONTROL NUMBER IDENTIFIER
control field FISKH
005 - DATE AND TIME OF LATEST TRANSACTION
control field 20260313100614.0
008 - FIXED-LENGTH DATA ELEMENTS--GENERAL INFORMATION
fixed length control field 260313b cb ||||| |||| 00| 0 eng d
020 ## - INTERNATIONAL STANDARD BOOK NUMBER
International Standard Book Number 9789833578573
040 ## - CATALOGING SOURCE
Original cataloging agency FISKH
Language of cataloging eng
Transcribing agency FISKH
Modifying agency FISKH
050 ## - LIBRARY OF CONGRESS CALL NUMBER
Classification number PZ7 .W75
082 ## - DEWEY DECIMAL CLASSIFICATION NUMBER
Classification number 599.74
245 ## - TITLE STATEMENT
Title Wisdom from a feathered friend /
Statement of responsibility, etc. Retold by S. H. Yeoh ; Illustrated by Steven She
260 ## - PUBLICATION, DISTRIBUTION, ETC.
Place of publication, distribution, etc. Sdn Bhd :
Name of publisher, distributor, etc. Future Ace,
300 ## - PHYSICAL DESCRIPTION
Extent 17 pages :
Other physical details color illustrations ;
Dimensions 20 cm
505 ## - FORMATTED CONTENTS NOTE
Formatted contents note M<br/>
520 ## - SUMMARY, ETC.
Summary, etc. A moral story about friendship and wisdom, told through the adventures of a small bird, teaching children lessons about caring, sharing, and understanding others.
521 8# - TARGET AUDIENCE NOTE
Target audience note 530<br/>
Source Lexile estimate<br/>
521 8# - TARGET AUDIENCE NOTE
Target audience note M<br/>
Source Raz-Plus<br/>
650 ## - SUBJECT ADDED ENTRY--TOPICAL TERM
Topical term or geographic name entry element Birds
Form subdivision Juvenile Literature
700 ## - ADDED ENTRY--PERSONAL NAME
Personal name She, Steven
Relator term illustrator
942 ## - ADDED ENTRY ELEMENTS (KOHA)
Source of classification or shelving scheme Dewey Decimal Classification
Koha item type Books
Suppress in OPAC No
Holdings
Withdrawn status Lost status Source of classification or shelving scheme Damaged status Not for loan Collection Home library Current library Shelving location Date acquired Total Checkouts Full call number Barcode Date last seen Copy number Price effective from Koha item type
    Dewey Decimal Classification     Juvenile Fiction Footprints International School Library Network Toul Tom Poung Campus Footprints International School Library Network Toul Tom Poung Campus TTP Primary Yellow Bookshelves 03/13/2026   YEO 599.74 PZ7 .W75 FIS04793 03/13/2026 1 03/13/2026 Books